000 00413nam a2200169Ia 4500
008 230524s9999 xx 000 0 und d
082 _a241.644
_bJAN
100 _aB.Janakiraman
245 0 _aTotal Quality Management: Text & Cases
250 _a3RD
260 _aNEW DELHI
_bPHI
_c2008
300 _aVIII;249
500 _aQuantity Number: 2
650 _aManagement
700 _a R.K.Gopal
942 _cBK
999 _c49326
_d49326